Electrical Machines (Record no. 9557)
[ view plain ]
| 000 -LEADER | |
|---|---|
| fixed length control field | 00514nam a22001937a 4500 |
| 003 - CONTROL NUMBER IDENTIFIER | |
| control field | OSt |
| 005 - DATE AND TIME OF LATEST TRANSACTION | |
| control field | 20251010120835.0 |
| 008 - FIXED-LENGTH DATA ELEMENTS--GENERAL INFORMATION | |
| fixed length control field | 251010b |||||||| |||| 00| 0 eng d |
| 020 ## - INTERNATIONAL STANDARD BOOK NUMBER | |
| International Standard Book Number | 9781489988904 |
| 040 ## - CATALOGING SOURCE | |
| Transcribing agency | DDC |
| 082 ## - DEWEY DECIMAL CLASSIFICATION NUMBER | |
| Classification number | 621.31 VUK 2013 |
| 100 ## - MAIN ENTRY--PERSONAL NAME | |
| Personal name | Vukosavic, Slobodan N. |
| 9 (RLIN) | 19452 |
| 245 ## - TITLE STATEMENT | |
| Title | Electrical Machines |
| 260 ## - PUBLICATION, DISTRIBUTION, ETC. (IMPRINT) | |
| Place of publication, distribution, etc. | New York; Springer, 2013 |
| 300 ## - PHYSICAL DESCRIPTION | |
| Extent | xxxiii,649p. ill: 24cm |
| 504 ## - BIBLIOGRAPHY, ETC. NOTE | |
| Bibliography, etc | Bibliography, & Index included |
| 650 ## - SUBJECT ADDED ENTRY--TOPICAL TERM | |
| Topical term or geographic name as entry element | Electrical machines |
| 9 (RLIN) | 12839 |
| 942 ## - ADDED ENTRY ELEMENTS (KOHA) | |
| Source of classification or shelving scheme | Dewey Decimal Classification |
| Koha item type | Open Shelf |
| Withdrawn status | Lost status | Source of classification or shelving scheme | Damaged status | Not for loan | Home library | Current library | Date acquired | Source of acquisition | Inventory number | Total Checkouts | Full call number | Barcode | Date last seen | Koha item type |
|---|---|---|---|---|---|---|---|---|---|---|---|---|---|---|
| Dewey Decimal Classification | Main Kihumuro Campus | Main Kihumuro Campus | 10/10/2025 | purchase | 25/42370 | 621.31 VUK 2013 | 2025-0112 | 10/10/2025 | Open Shelf | |||||
| Dewey Decimal Classification | Main Kihumuro Campus | Main Kihumuro Campus | 10/10/2025 | purchase | 25/42371 | 621.31 VUK 2013 | 2025-0113 | 10/10/2025 | Open Shelf | |||||
| Dewey Decimal Classification | Main Kihumuro Campus | Main Kihumuro Campus | 10/10/2025 | purchase | 25/42372 | 621.31 VUK 2013 | 2025-0114 | 10/10/2025 | Open Shelf |
